| 000 | 004900000a22001810004500 | ||
|---|---|---|---|
| 041 | 0 | _aSPA | |
| 082 | 0 | 4 | _aG 266 S6287p |
| 100 | 1 | _aSkoglund, John E. | |
| 245 | 1 | 0 | _aPara que tengan vida... / John E. Skoglund |
| 260 | _aBuenos Aires, Argentina.m, : La Aurora | ||
| 300 | _a170 Pag | ||
| 500 | _aTítulo original : They reach for life | ||
| 001 | 7305 | ||
| 942 | _cBK | ||
| 999 |
_c37521 _d37521 |
||
| 336 |
_atexto _btxt _2rdacontent |
||
| 337 |
_2rdamedia _asin mediación _bn |
||
| 338 |
_2rdacarrier _avolumen _bnc |
||